000 00678nam a2200289Ia 4500
005 20260324115755.0
008 008 260324s9999 xx 000 0 eng d
020 _a9781315368368
037 _aEBOOK
040 _aCRL
040 _beng
040 _cCRL
041 _2eng
041 _aeng
084 _qCRL
100 _aRadu Dobrescu; Florin Ionescu
_91155956
245 0 _aLarge Scale Networks
245 0 _bModeling and Simulation
260 _bTaylor and Francis
260 _c2016
365 _a
365 _b385
856 _uhttp://www.taylorfrancis.com/books/9781315368368
942 _cEBOOK
999 _c1747072
_d1747072